Food and beverage service / (Record no. 14393)
[ view plain ]
| 000 -LEADER | |
|---|---|
| fixed length control field | 00712nam a2200229 a 4500 |
| 003 - CONTROL NUMBER IDENTIFIER | |
| control field | PILC |
| 005 - DATE AND TIME OF LATEST TRANSACTION | |
| control field | 20150112093431.0 |
| 008 - FIXED-LENGTH DATA ELEMENTS--GENERAL INFORMATION | |
| fixed length control field | 100719s19uu xx 00 eng d |
| 020 ## - INTERNATIONAL STANDARD BOOK NUMBER | |
| International Standard Book Number | 0340705310 |
| 050 ## - LIBRARY OF CONGRESS CALL NUMBER | |
| Classification number | TX 911.3.T73 |
| Item number | .L55 1983 |
| 082 ## - DEWEY DECIMAL CLASSIFICATION NUMBER | |
| Classification number | HSF 642.619 |
| Item number | L62 1983 |
| 100 ## - MAIN ENTRY--PERSONAL NAME | |
| Personal name | Lillicrap, Dennis |
| 9 (RLIN) | 11105 |
| 245 ## - TITLE STATEMENT | |
| Title | Food and beverage service / |
| Statement of responsibility, etc | Dennnis Lilicrap, John Cousins and Robert Smith |
| 250 ## - EDITION STATEMENT | |
| Edition statement | 5th ed. |
| 260 ## - PUBLICATION, DISTRIBUTION, ETC. (IMPRINT) | |
| Place of publication, distribution, etc | Euston Road, London : |
| Name of publisher, distributor, etc | Hodder & Stoughton Educational, |
| Date of publication, distribution, etc | 1983. |
| 300 ## - PHYSICAL DESCRIPTION | |
| Extent | 433 pages : |
| Other physical details | illustration ; |
| Dimensions | 25 cm. |
| 650 ## - SUBJECT ADDED ENTRY--TOPICAL TERM | |
| Topical term or geographic name as entry element | Food service |
| 9 (RLIN) | 11106 |
| 650 ## - SUBJECT ADDED ENTRY--TOPICAL TERM | |
| Topical term or geographic name as entry element | Beverage |
| 9 (RLIN) | 11107 |
| 700 ## - ADDED ENTRY--PERSONAL NAME | |
| Personal name | Cousins, John |
| 9 (RLIN) | 11108 |
| 700 ## - ADDED ENTRY--PERSONAL NAME | |
| Personal name | Smith, Robert |
| 9 (RLIN) | 8914 |
| 942 ## - ADDED ENTRY ELEMENTS (KOHA) | |
| Source of classification or shelving scheme | Library of Congress Classification |
| Koha item type | Books |
| Withdrawn status | Lost status | Source of classification or shelving scheme | Damaged status | Home library | Current library | Shelving location | Date acquired | Total Checkouts | Full call number | Barcode | Date last seen | Copy number | Price effective from | Koha item type | Date checked out | Total Renewals | Source of acquisition |
|---|---|---|---|---|---|---|---|---|---|---|---|---|---|---|---|---|---|
| Library of Congress Classification | Southville International School Affiliated with Foreign Universities Library | Southville International School Affiliated with Foreign Universities Library | Southville Foreign University Section | 08/16/2013 | TX 911.3.T73 .L55 1983 | SFU0653 | 05/15/2018 | 1 | 08/16/2013 | Books | |||||||
| Library of Congress Classification | Southville International School Affiliated with Foreign Universities Library | Southville International School Affiliated with Foreign Universities Library | Southville Foreign University Section | 08/16/2013 | 1 | TX 911.3.T73 .L55 1983 | SFU0655 | 05/15/2018 | 2 | 08/16/2013 | Books | 10/15/2014 | |||||
| Library of Congress Classification | Southville International School Affiliated with Foreign Universities Library | Southville International School Affiliated with Foreign Universities Library | Southville Foreign University Section | 08/16/2013 | 3 | TX 911.3.T73 .L55 1998 | SFU0665 | 04/12/2019 | 2 | 08/16/2013 | Books | 02/06/2019 | 63 | ||||
| Library of Congress Classification | Southville International School Affiliated with Foreign Universities Library | Southville International School Affiliated with Foreign Universities Library | Southville Foreign University Section | 08/16/2013 | TX 911.3.T73 .L55 1998 | SFU0664 | 05/15/2018 | 1 | 08/16/2013 | Books | |||||||
| Library of Congress Classification | Southville International School Affiliated with Foreign Universities Library | Southville International School Affiliated with Foreign Universities Library | Southville Foreign University Section | 07/30/2015 | TX 911.3.T73 .L55 1998 | SFU2471 | 05/15/2018 | 07/30/2015 | Books | Donation |